UM Logo

Ronda Rousey: (Record no. 13989)

MARC details
000 -LEADER
fixed length control field 00443nam a2200133 4500
008 - FIXED-LENGTH DATA ELEMENTS--GENERAL INFORMATION
fixed length control field 190724b ||||| |||| 00| 0 eng d
082 ## - DEWEY DECIMAL CLASSIFICATION NUMBER
Classification number DPer 050 T48 Apr-June 2016 v. 187 n. 12-24
100 ## - MAIN ENTRY--PERSONAL NAME
Personal name Fey, Tina.
9 (RLIN) 38933
245 ## - TITLE STATEMENT
Title Ronda Rousey:
Remainder of title the undaunted/
Statement of responsibility, etc. Tina Fey.
260 ## - PUBLICATION, DISTRIBUTION, ETC. (IMPRINT)
Place of publication, distribution, etc. Hong Kong:
Name of publisher, distributor, etc. Time Asia,
Date of publication, distribution, etc. c2016.
300 ## - PHYSICAL DESCRIPTION
Extent v187 n16-17, pages 88-89:
Other physical details illustrations;
Dimensions 27 cm.
650 ## - SUBJECT ADDED ENTRY--TOPICAL TERM
Topical term or geographic name as entry element Athlete
General subdivision Fighter.
9 (RLIN) 38934
942 ## - ADDED ENTRY ELEMENTS (KOHA)
Source of classification or shelving scheme Dewey Decimal Classification
Koha item type Periodicals
Holdings
Withdrawn status Lost status Source of classification or shelving scheme Damaged status Not for loan Home library Current library Date acquired Total Checkouts Full call number Date last seen Price effective from Koha item type Public note
    Dewey Decimal Classification     UM Digos College - LIC UM Digos College - LIC 07/24/2019   DPer 050 T48 Apr-June 2016 v. 187 n. 12-24 07/24/2019 07/24/2019 Periodicals Periodical article